| 000 | 00745nam a2200205 i 4500 | ||
|---|---|---|---|
| 001 | 124217 | ||
| 003 | ES-MaACL | ||
| 005 | 20250408063058.0 | ||
| 007 | t| | ||
| 008 | 070214s1954 sp r ||||1| spa d | ||
| 100 | 1 |
_aRas, Matilde, _d1881-1969 _995477 |
|
| 245 | 1 | 4 |
_aLos artistas escriben _b: el temperamento visual y el temperamento auditivo : (estudios grafológicos especiales) / _cMatilde Ras. |
| 250 | _a1ª. ed. española. | ||
| 260 |
_aMadrid : _bAlhambra, _c1954. |
||
| 300 |
_a192 p. : _bgrab. carácteres manuscr. y música intercal. ; _c19 cm. |
||
| 490 | 1 |
_aColección enciclopédica ; _v2 |
|
| 830 | 0 |
_aColección enciclopédica ; _v2 _9218996 |
|
| 852 |
_aES-MaACL _jC-6490 _bR.35657 |
||
| 999 |
_c124217 _d124217 |
||